000
00342nam a2200157Ia 4500
003
OSt
005
20240106160925.0
008
170524s9999 xx 000 0 und d
020
_a
9788177588521
040
_c
IIMT UNIVERSITY
100
_a
Haykin Simon
245
0
_a
Neural Network
260
_b
Pearson
260
_c
2008
942
_2
ddc
_c
02
999
_c
4684
_d
4684